<A> Nexus Between Air Pollution, Energy Consumption and Growth of Economy: A Comparative Study Between the Usa and China-Based on the ARDL Bound Testing Approach

Korelácia medzi spotrebou energie, znečistením ovzdušia a hospodárskym rastom v Číne a USA.

Salvato in:
Dettagli Bibliografici
Autore principale: Koondhar, Mansoor Ahmed
Altri autori: Qiu, Lingling, Li, Houjian, Liu, Weiwei, He, Ge
Natura: Capitolo di libro
Lingua:inglese
Soggetti:
Tags: Aggiungi Tag
Nessun Tag, puoi essere il primo ad aggiungerne!!

MARC

LEADER 00000naa a2200000 4500
001 0246864
005 20221104110257.4
041 0 |a eng 
044 |a CZ 
245 1 0 |a <A> Nexus Between Air Pollution, Energy Consumption and Growth of Economy: A Comparative Study Between the Usa and China-Based on the ARDL Bound Testing Approach  |c Mansoor Ahmed Koondhar, Lingling Qiu, Houjian Li, Weiwei Liu, Ge He 
520 |a Korelácia medzi spotrebou energie, znečistením ovzdušia a hospodárskym rastom v Číne a USA. 
610 2 0 |a emisie 
610 2 0 |a znečistenie prostredia životného 
610 2 0 |a znečistenie ovzdušia 
610 2 0 |a zdroje energie prírodné 
610 2 0 |a USA 
610 2 0 |a Čína 
610 2 0 |a korelácia 
100 1 |a Koondhar, Mansoor Ahmed 
700 1 |a Qiu, Lingling 
700 1 |a Li, Houjian 
700 1 |a Liu, Weiwei 
700 1 |a He, Ge